000 00361nam a22001217a 4500
040 _cHS
082 _a634
100 _aNA
245 _aគោលការណ៍ណែនាំសម្រាប់គ្រប់គ្រងព្រៃឈើប្រកបដោយនិរន្តរភាព
260 _aCambodia
_bNA
_cNA
300 _a122p;
942 _cKB
999 _c9286
_d9286